S.Chand's circuit and network rheory GATE PSUs and ES examination : (Record no. 102942)

MARC details
000 -LEADER
fixed length control field 00632nam a22001937a 4500
005 - DATE AND TIME OF LATEST TRANSACTION
control field 20230112144555.0
010 ## - LCCN (DPL NO)
LC control number ENG-115884 ENG-135974
020 ## - INTERNATIONAL STANDARD BOOK NUMBER
International Standard Book Number 9789325992252
Terms of availability 495.00
035 ## - SYSTEM CONTROL NUMBER
System control number EN-99416
035 ## - SYSTEM CONTROL NUMBER
System control number EN-119506
037 ## - SOURCE OF ACQUISITION
Source of stock number/acquisition DBAD/PUB
082 ## - DEWEY DECIMAL CLASSIFICATION NUMBER
Classification number 621.3192
100 ## - MAIN ENTRY--PERSONAL NAME
Personal name Karna,Satish K.
245 ## - TITLE STATEMENT
Title S.Chand's circuit and network rheory GATE PSUs and ES examination :
Remainder of title exam success series /
Statement of responsibility, etc by Satish K.Karna
260 ## - PUBLICATION, DISTRIBUTION, ETC. (IMPRINT)
Place of publication, distribution, etc New Delhi
Name of publisher, distributor, etc S.Chand & Company
Date of publication, distribution, etc 2016
270 ## - ADDRESS
Address 7361,Ram Nagar
City New Delhi
Postal code 110055
300 ## - PHYSICAL DESCRIPTION
Extent Verious Pagings.
Dimensions 24cm(pbk)
942 ## - ADDED ENTRY ELEMENTS (KOHA)
Source of classification or shelving scheme Dewey Decimal Classification
Item type English Books
Classification part 621.3192
Call number suffix KAR
Holdings
Withdrawn status Lost status Not for loan Collection code Home library Current library Date acquired Source of acquisition Cost, normal purchase price Full call number Barcode Copy number Cost, replacement price Koha item type
    Not For Loan Non-fiction D.B.Act.Division Bawana 31/08/2016 DBAD/PUB 495.00 621.3192 KAR EN-99416 1 495.00 English Books
      Non-fiction Bawana Bawana 12/01/2023 DBAD/PUB 495.00 621.3192 KAR EN-119506 1 495.00 English Books

© Delhi Public Library
Hit Counter
free hit counter